Online Catalogue and eLibrary

America's receding future: (Record no. 317)

MARC details
000 -LEADER
fixed length control field 00497cam a22001811 4500
001 - CONTROL NUMBER
control field 313574
005 - DATE AND TIME OF LATEST TRANSACTION
control field 20240206061348.0
008 - FIXED-LENGTH DATA ELEMENTS--GENERAL INFORMATION
fixed length control field 700330s1968 enk b 000 0 eng
020 ## - INTERNATIONAL STANDARD BOOK NUMBER
ISBN 14021268x
040 ## - CATALOGING SOURCE (பட்டியலாக்க மூலம்)
Original cataloging agency DLC
Transcribing agency DLC
Modifying agency DLC
082 00 - DDC Classification
Class No. 306.097
DDC Edition Number 22
Item Number - Author Mark AME.
100 1# - MAIN ENTRY--PERSONAL NAME
Personal name Segal, Ronald,
245 10 - TITLE STATEMENT
Title America's receding future:
Remainder of title the collision of creed and reality.
Statement of responsibility, etc. Ronald Segal.
260 ## - PUBLICATION, DISTRIBUTION, ETC.
Place of publication, distribution, etc. London,
Name of publisher, distributor, etc. Weidenfeld & Nicolson,
Date of publication, distribution, etc. 1968.
300 ## - PHYSICAL DESCRIPTION
Extent (e.g. Volumes, Pages etc.) xviii, 322 p.
650 ## - SUBJECT ADDED ENTRY--TOPICAL TERM
Topical term or geographic name entry element Violence.
942 ## - Koha item type (Biblio)
Koha item type Books in Stacks (Lending)
Holdings
Lost status Damaged status Collection code Home library Current library Date acquired Full call number Accession Number Item type
    Lending WERC Library WERC Library 02/06/2024 306.097 AME. 344 Books in Stacks (Lending)

© WERC Library